The slippery slope / (Record no. 2046)
[ view plain ]
| 000 -LEADER | |
|---|---|
| fixed length control field | 00917nam a22002657a 4500 |
| 005 - DATE AND TIME OF LATEST TRANSACTION | |
| control field | 20231122152513.0 |
| 020 ## - INTERNATIONAL STANDARD BOOK NUMBER | |
| International Standard Book Number | 9781405266154 |
| 040 ## - CATALOGING SOURCE | |
| Original cataloging agency | FISKH |
| Language of cataloging | eng |
| Transcribing agency | FISKH |
| Modifying agency | FISKH |
| 050 ## - LIBRARY OF CONGRESS CALL NUMBER | |
| Classification number | PZ7.S6795 |
| 082 ## - DEWEY DECIMAL CLASSIFICATION NUMBER | |
| Edition number | 813.6 |
| 100 ## - MAIN ENTRY--PERSONAL NAME | |
| Personal name | Snicker, Lemony |
| 245 ## - TITLE STATEMENT | |
| Title | The slippery slope / |
| Statement of responsibility, etc. | A Series of Unfortunate Events by Lemony Snicket |
| 260 ## - PUBLICATION, DISTRIBUTION, ETC. | |
| Place of publication, distribution, etc. | New York : |
| Name of publisher, distributor, etc. | HarperCollins, |
| Date of publication, distribution, etc. | 2012 |
| 300 ## - PHYSICAL DESCRIPTION | |
| Extent | 337 pages : |
| Dimensions | 17 cm |
| 490 ## - SERIES STATEMENT | |
| Materials specified | A Series of Unfortunate Events |
| Volume/sequential designation | Book 10 |
| 505 ## - FORMATTED CONTENTS NOTE | |
| Formatted contents note | Z' |
| 520 ## - SUMMARY, ETC. | |
| Summary, etc. | In the perilous Mortmain Mountains, Klaus and Violet Baudelaire meet another well-read person, who helps them try to rescue Sunny from the villainous Count Olaf and his henchmen as they all near "the last safe place.". |
| 521 ## - TARGET AUDIENCE NOTE | |
| Target audience note | 1150 |
| Source | Lexile |
| 521 ## - TARGET AUDIENCE NOTE | |
| Target audience note | Z' |
| Source | Raz-Plus |
| 650 ## - SUBJECT ADDED ENTRY--TOPICAL TERM | |
| Source of heading or term | accident |
| Topical term or geographic name entry element | fiction |
| 650 ## - SUBJECT ADDED ENTRY--TOPICAL TERM | |
| Source of heading or term | fall |
| 700 ## - ADDED ENTRY--PERSONAL NAME | |
| Personal name | Helquist, Brett |
| Titles and other words associated with a name | Illustrator |
| 942 ## - ADDED ENTRY ELEMENTS (KOHA) | |
| Source of classification or shelving scheme | Dewey Decimal Classification |
| Koha item type | Books |
| Suppress in OPAC | No |
| 999 ## - | |
| -- | 2046 |
| -- | 2046 |
| Withdrawn status | Lost status | Source of classification or shelving scheme | Damaged status | Not for loan | Collection | Home library | Current library | Shelving location | Date acquired | Total Checkouts | Full call number | Barcode | Date last seen | Price effective from | Koha item type |
|---|---|---|---|---|---|---|---|---|---|---|---|---|---|---|---|
| Dewey Decimal Classification | Fiction | Footprints International School Library Network Toul Kork Campus | Footprints International School Library Network Toul Kork Campus | 11/02/2023 | SNI 813.6 PZ7.S6795 | FISTK05291 | 11/02/2023 | 11/02/2023 | Books |
